00738nam a2200181 a 450000100100000000500170001000800410002704000250006810000400009324501210013325000160025426000520027030000210032250000630034350400280040695201050043499900170053900003926820201002031554.0130619s2001 dr 000 0 spa d aDO-SdBNPbspacBNPHU1 aLara Mejía, José Antonio95339110aContabilidad práctica universitaria :bmanual práctico para ser un buen contador /cJosé Antonio Lara Mejía. a2a ed. act. aSanto Domingo :bSomos Artes Gráficas,c2001. a211 p. ;c22 cm. aIncluye datos biográficos del autor en la contracubierta aBibliografía : p. 211 0010718PDaPDbPDcCTd2013-06-19iLF1l0o p39268-10r2020-06-25w2020-06-25yLFPDZNo se presta c38758d38758